Intermediate accounting / (Record no. 57763)
[ view plain ]
| 000 -LEADER | |
|---|---|
| fixed length control field | 01197nam\a2200325\a\4500 |
| 001 - CONTROL NUMBER | |
| control field | 57763 |
| 005 - DATE AND TIME OF LATEST TRANSACTION | |
| control field | 20260415125150.0 |
| 008 - FIXED-LENGTH DATA ELEMENTS--GENERAL INFORMATION | |
| fixed length control field | 260415s2024 nyua bi 001 0 eng |
| 020 ## - INTERNATIONAL STANDARD BOOK NUMBER | |
| ISBN | 9781394276028 |
| 020 ## - INTERNATIONAL STANDARD BOOK NUMBER | |
| ISBN | 9781394276035 |
| Qualifying information | (EPub) |
| 040 ## - CATALOGING SOURCE | |
| Original cataloging agency | DLC |
| Transcribing agency | DLC |
| Modifying agency | BD-DhIUB |
| 082 04 - DEWEY DECIMAL CLASSIFICATION NUMBER | |
| Classification number | 657.044 |
| Edition number | 23 |
| Item number | K548i |
| 100 1# - MAIN ENTRY--PERSONAL NAME | |
| Personal name | Kieso, Donald E. |
| 245 10 - TITLE STATEMENT | |
| Title | Intermediate accounting / |
| Statement of responsibility, etc | Donald E. Kieso, Jerry J. Weygandt, Terry D. Warfield. |
| 250 ## - EDITION STATEMENT | |
| Edition statement | 5th ed. |
| Remainder of edition statement | IFRS ed. |
| 260 ## - PUBLICATION, DISTRIBUTION, ETC. (IMPRINT) | |
| Place of publication, distribution, etc | New York : |
| Name of publisher, distributor, etc | J. Wiley, |
| Date of publication, distribution, etc | c2024. |
| 300 ## - PHYSICAL DESCRIPTION | |
| Extent | xxxi, |
| Other physical details | col. ill. ; |
| Dimensions | 29 cm. + |
| Accompanying material | 1 CD-ROM (4 3/4 in.) |
| 500 ## - GENERAL NOTE | |
| General note | LC copy lacks CD-ROM. |
| 504 ## - BIBLIOGRAPHY, ETC. NOTE | |
| Bibliography, etc | Includes bibliographical references and index. |
| 526 ## - STUDY PROGRAM INFORMATION NOTE | |
| School name | School of Business and Entrepreneurship |
| Department | Finance |
| Shelving Location | Reference Stacks |
| 541 ## - IMMEDIATE SOURCE OF ACQUISITION NOTE | |
| Source of acquisition | Karim International |
| 650 #0 - SUBJECT ADDED ENTRY--TOPICAL TERM | |
| Topical term or geographic name as entry element | Accounting. |
| 700 1# - ADDED ENTRY--PERSONAL NAME | |
| Personal name | Weygandt, Jerry J. |
| 700 1# - ADDED ENTRY--PERSONAL NAME | |
| Personal name | Warfield, Terry D. |
| 856 42 - ELECTRONIC LOCATION AND ACCESS | |
| Materials specified | Publisher description |
| Uniform Resource Identifier | <a href="http://www.loc.gov/catdir/description/wiley041/2004269283.html">http://www.loc.gov/catdir/description/wiley041/2004269283.html</a> |
| 856 41 - ELECTRONIC LOCATION AND ACCESS | |
| Materials specified | Table of contents |
| Uniform Resource Identifier | <a href="http://www.loc.gov/catdir/toc/wiley041/2004269283.html">http://www.loc.gov/catdir/toc/wiley041/2004269283.html</a> |
| 942 ## - ADDED ENTRY ELEMENTS (KOHA) | |
| Source of classification or shelving scheme | Dewey Decimal Classification |
| Koha item type | Books |
| Withdrawn status | Lost status | Source of classification or shelving scheme | Damaged status | Not for loan | Home library | Current library | Shelving location | Date acquired | Source of acquisition | Cost, normal purchase price | Serial Enumeration / chronology | Total Checkouts | Full call number | Barcode | Date last seen | Copy number | Cost, replacement price | Price effective from | Koha item type |
|---|---|---|---|---|---|---|---|---|---|---|---|---|---|---|---|---|---|---|---|
| Dewey Decimal Classification | Not For Loan | Library, Independent University, Bangladesh (IUB) | Library, Independent University, Bangladesh (IUB) | Reference Stacks | 05/04/2026 | Purchase | 9880.00 | 2024 | 657.044 K548i | 029630 | 15/04/2026 | 01 | 19760.00 | 05/04/2026 | Books | ||||
| Dewey Decimal Classification | Not For Loan | Library, Independent University, Bangladesh (IUB) | Library, Independent University, Bangladesh (IUB) | Reference Stacks | 05/04/2026 | Purchase | 9880.00 | 2024 | 657.044 K548i | 029628 | 15/04/2026 | 02 | 19760.00 | 05/04/2026 | Books | ||||
| Dewey Decimal Classification | Library, Independent University, Bangladesh (IUB) | Library, Independent University, Bangladesh (IUB) | General Stacks | 05/04/2026 | Purchase | 9880.00 | 2024 | 657.044 K548i | 029629 | 15/04/2026 | 03 | 19760.00 | 05/04/2026 | Books |